QUIZ - Les frontières maritimes françaises - Statistiques

Statistiques générales
  • Ce quiz a été pris 36 fois
  • Le résultat moyen est 5 sur 10
Statistiques - réponses
Question Réponse % Correct
La France n'a pas de frontière maritime en Asie. Vrai
100%
La frontière entre la Grande-Bretagne et la France est uniquement maritime. Faux
75%
La plupart des frontières maritimes françaises se trouvent en Europe. Faux
75%
La France possède plus de frontières maritimes que de frontières terrestres. Vrai
75%
La France possède au moins une frontière maritime sur les continents : Africain, Américain (du Nord et du Sud), Européen, Océanien. Vrai
75%
Lequel de ces pays partage une frontière maritime avec la France ? Australie
50%
La frontière franco-suisse est en partie composée d'un lac. Ce type de frontière est appelé frontière : Lacustre
50%
Sur les 9 îles françaises revendiquées par d'autres États, seule une est habitée. Vrai
25%
Combien d'États partagent au moins une frontière maritime avec la France ? 32
0%
Combien de groupes d'îles françaises entourent Madagascar ? 5
0%
Aucun quiz correspondant
Distribution des résultats
% des personnes avec chaque résultat
Percentile par nombre de réponses
Votre historique - résultats
Vous n’avez pas pris ce quiz